The Art of Electronics (Record no. 1099)

MARC details
000 -LEADER
Fixed length control field 00477nam a2200169 4500
003 - CONTROL NUMBER IDENTIFIER
Control field SEACOMEC
005 - DATE AND TIME OF LATEST TRANSACTION
Control field 20240515121014.0
008 - FIXED-LENGTH DATA ELEMENTS--GENERAL INFORMATION
Fixed length control field 240515b |||||||| |||| 00| 0 eng d
040 ## - CATALOGING SOURCE
Original cataloging agency SEACOMEC
082 ## - DEWEY DECIMAL CLASSIFICATION NUMBER
Classification number 621.381
Book Number H816
100 ## - MAIN ENTRY--PERSONAL NAME
Personal name Horowits, Paul
245 ## - TITLE STATEMENT
Title The Art of Electronics
Statement of responsibility Paul Horowits and Winfield Hill
250 ## - EDITION STATEMENT
Edition statement 2nd ed
260 ## - IMPRINT
Place of publication Cambridge
Name of publisher Cambridge University Press
Date of publication 2004
650 ## - SUBJECT ADDED ENTRY--TOPICAL TERM
Topical term Electronics, communications engineering
942 ## - ADDED ENTRY ELEMENTS (KOHA)
Koha item type Books
Holdings
Withdrawn status Lost status Source of classification Damaged status Not for loan Home library Current library Date acquired Total Checkouts Call number Accession number Date last seen Price effective from Koha item type
    Dewey Decimal Classification     SEACOM ENGINEERING COLLEGE SEACOM ENGINEERING COLLEGE 15/05/2024   621.381 H816 5440 15/05/2024 15/05/2024 Books
© Seacom Engineering College, All rights reserved.      Powered by Koha